El Financiamiento del desarrollo social en los planes de gobierno
Salvato in:
| Natura: | testo |
|---|---|
| Soggetti: | |
| Tags: |
Aggiungi Tag
Nessun Tag, puoi essere il primo ad aggiungerne!!
|
MARC
| LEADER | 00000 a a2200000 04500 | ||
|---|---|---|---|
| 001 | 5941 | ||
| 003 | |||
| 040 | |||
| 245 | |a El Financiamiento del desarrollo social en los planes de gobierno | ||
| 650 | |a FINANCIAMIENTO | ||
| 650 | |a DESARROLLO SOCIAL | ||
| 650 | |a GOBIERNO | ||
| 650 | |a POLITICA GUBERNAMENTAL | ||
| 650 | |a PRESUPUESTO NACIONAL | ||
| 773 | |g volumen 15, número 656; páginas 4-5 | ||
| 999 | |c 33046 |d 33046 | ||
